5HLuxD.jpg

KING HENRY VIII SENIOR AND PRIMARY SCHOOL LIBRARY OPAC

Spiders / (Record no. 1140)

000 -LEADER
fixed length control field 01340cam a2200313 ib4500
001 - CONTROL NUMBER
control field 000852247
003 - CONTROL NUMBER IDENTIFIER
control field OSt
005 - DATE AND TIME OF LATEST TRANSACTION
control field 20211206092821.0
008 - FIXED-LENGTH DATA ELEMENTS--GENERAL INFORMATION
fixed length control field 181026s2014 enk d b 000 1 eng d
020 ## - INTERNATIONAL STANDARD BOOK NUMBER
International Standard Book Number 9781447250463
Qualifying information (paperback) :
020 ## - INTERNATIONAL STANDARD BOOK NUMBER
International Standard Book Number 144725046X
Qualifying information (paperback)
040 ## - CATALOGING SOURCE
Original cataloging agency SINLB
Language of cataloging eng
Transcribing agency NTL
Modifying agency NTL
Description conventions aacr2
042 ## - AUTHENTICATION CODE
Authentication code nbic
082 ## - DEWEY DECIMAL CLASSIFICATION NUMBER
Classification number FIC HOY
100 1# - MAIN ENTRY--PERSONAL NAME
Personal name Hoyle, Tom
Relator term author.
245 10 - TITLE STATEMENT
Title Spiders /
Statement of responsibility, etc. Tom Hoyle.
260 ## - PUBLICATION, DISTRIBUTION, ETC.
Place of publication, distribution, etc. London :
Name of publisher, distributor, etc. Macmillan Children's Books,
Date of publication, distribution, etc. c2014.
300 ## - PHYSICAL DESCRIPTION
Extent 293 pages ;
Dimensions 20 cm.
336 ## - CONTENT TYPE
Content type term text
Content type code txt
Source rdacontent.
337 ## - MEDIA TYPE
Media type term unmediated
Media type code n
Source rdamedia.
338 ## - CARRIER TYPE
Carrier type term volume
Carrier type code nc
Source rdacarrier.
440 ## - SERIES STATEMENT/ADDED ENTRY--TITLE
Title Adam Grant;
Number of part/section of a work bk. 2
520 ## - SUMMARY, ETC.
Summary, etc. Adam may have survived once, but a cult still has him in its sights. And this time he may not escape with his life ... Abbie's dad is an undercover agent, tasked with exposing dangerous cults. He's normally able to maintain his distance, but this time Abbie's worried he's in too deep. Megan was sure she and Adam were safe, but now he's gone missing on a school ski trip in Scotland and she's the only one who can help him ... The web is closing in around them.
650 #0 - SUBJECT ADDED ENTRY--TOPICAL TERM
Topical term or geographic name entry element Cults
Form subdivision Juvenile fiction.
650 #0 - SUBJECT ADDED ENTRY--TOPICAL TERM
Topical term or geographic name entry element Murder
Form subdivision Juvenile fiction.
650 #0 - SUBJECT ADDED ENTRY--TOPICAL TERM
Topical term or geographic name entry element Suspense fiction.
800 1# - SERIES ADDED ENTRY--PERSONAL NAME
Personal name Hoyle, Tom.
Title of a work Thirteen ;
Volume/sequential designation 02.
942 ## - ADDED ENTRY ELEMENTS (KOHA)
Source of classification or shelving scheme
Koha item type Books - Fiction
Holdings
Withdrawn status Lost status Source of classification or shelving scheme Damaged status Not for loan Collection code Permanent Location Current Location Shelving location Date acquired Total Checkouts Full call number Barcode Date due Date last seen Date last checked out Price effective from Koha item type
          Fiction KH8 Senior School Library KH8 Senior School Library Young Adult 2021-12-06 2 FIC HOY 3KHSL000101868 2025-09-15 2025-08-28 2025-08-28 2021-12-06 Books - Fiction

Powered By KH8 IT Dept